Neuseeland Quiz Level 2 - Statistiken

Allgemein
  • Dieses Quiz wurde 38 mal gespielt
  • Das Durchschnittsergebnis liegt bei 6 aus 10
Antwortstatistiken
Frage Antwort % Korrekt
Wie nennt man die Neuseeländer typischerweise mit Spitznamen? Kiwis
97%
Welche berühmte Filmreihe wurde in Neuseeland gedreht? Hobbit/Lord of the Rings
94%
Von welchem Tier gibt es circa vier bis fünf mal so viele wie Einwohner in Neuseeland? Schaf
89%
Wie heißt der Name der Māori für Neuseeland? Aotearoa
71%
Wie heißt der größte See Neuseelands? Lake Taupō
63%
Wie heißt der längste Fluss des Landes? Waikato River
60%
Was sind die einzigen einheimischen Säugetiere Neuseelands? Fledermaus
54%
Wie wird das Gebäude in Wellington bezeichnet, in dem die Regierung arbeitet? Beehive
43%
Wie heißt die Sprache der Māori? Te Reo
43%
In wie viele Regionen ist Neuseeland aufgeteilt? 16
6%
Keine übereinstimmenden Quizze gefunden
Verteilung der Resultate
Anzahl Personen mit jedem Resultat
Perzentil nach korrekt beantworteten Fragen
Ihre Resultats-Entwicklung
Sie haben dieses Quiz noch nicht gespielt